000 00562nam a22001817a 4500
005 20251108174614.0
008 250721s2002 xx 000 0 ara d
082 1 4 _aط/372.21/مكت
245 1 0 _aالمقابلات و الأضداد /
264 1 _aبيروت :
_bمكتبة لبنان ناشرون،
_c2002.
300 _a32ص.
650 1 7 _aالتعليم
650 1 7 _aاطفال الروضه
653 _aمرحله ما قبل المدرسه(0-5)سنوات
710 2 _aمكتبة لبنان ناشرون
942 _2ddc
_cBK
999 _c113409
_d113409